000 00988nam2a22002651 4500
001 RU\NLR\INFOCOMM6\1000397856
005 20260607141839.0
035 _a(NLR Aleph) 002716192
090 _a13727657
_c13727657
100 _a20040224d1980 |||y0rusy50 ba
101 0 _arus
102 _aGE
105 _ay |||||||||
200 1 _aИспользование нейтронной активации в агрохимическом анализе
_fГ.И. Данелия, О.Т. Кения
210 _d1980
461 0 _1001RU\NLR\INFOCOMM6\1000397851
_12001#$aОбзорная информация$hСерия 7$iМежотраслевая$fГруз. НИИ НТИ и техн.-экон. исслед. ГКНТ ГССР$v1980, Вып.5
700 1 _aДанелия
_bГ. И.
_4070
701 1 _aКения
_bО. Т.
_4070
801 0 _aRU
_bNLR
_gPSBO
801 1 _aRU
_bInfoComm
_c20040224
852 _aNLR
_jП1/449
942 _cISSUE
980 _aRUSPER
980 _aNB